书目信息 |
| 题名: |
运动处方DIY
|
|
| 作者: | 杨静宜 , 徐峻华 编著 | |
| 分册: | 减肥 | |
| 出版信息: | 北京 北京体育大学出版社 2004.07 |
|
| 页数: | 102页, [2] 页图版 | |
| 开本: | 20cm | |
| 丛书名: | 家庭健身指导丛书 | |
| 单 册: | ||
| 中图分类: | G883 | |
| 科图分类: | ||
| 主题词: | 健身运动--jian shen yun dong--基本知识 , 减肥--jian fei--基本知识 | |
| 电子资源: | ||
| ISBN: | 7-81100-149-7 | |
| 000 | 01072nam 2200301 450 | |
| 001 | 012007933057 | |
| 005 | 20071107085708.50 | |
| 010 | @a7-81100-149-7@dCNY22.00 (含光盘) | |
| 100 | @a20071106d2004 km y0chiy0120 ea | |
| 101 | 0 | @achi |
| 102 | @aCN@b110000 | |
| 105 | @aaf z 000yy | |
| 106 | @ar | |
| 200 | 1 | @a运动处方DIY@Ayun dong chu fang DIY@i减肥@f杨静宜, 徐峻华编著@Fyang jing yi,xu jun hua bian zhu |
| 210 | @a北京@c北京体育大学出版社@d2004.07 | |
| 215 | @a102页, [2] 页图版@c图@d20cm@e光盘1片 | |
| 225 | 2 | @a家庭健身指导丛书@Ajia ting jian shen zhi dao cong shu |
| 307 | @a光盘 ISBN : 7-89995-741-9 | |
| 330 | @a本书以彩色文图形式,介绍肥胖基本知识、肥胖类型的划分、产生原因,科学减肥知识与身体测试,并提供了运动处方。 | |
| 410 | 0 | @12001 @a家庭健身指导丛书 |
| 517 | 1 | @a减肥@Ajian fei |
| 606 | 0 | @a健身运动@Ajian shen yun dong@x基本知识 |
| 606 | 0 | @a减肥@Ajian fei@x基本知识 |
| 690 | @aG883@v4 | |
| 701 | 0 | @a杨静宜@Ayang jing yi@4编著 |
| 701 | 0 | @a徐峻华@Axu jun hua@4编著 |
| 801 | 0 | @aCN@b@c20071107 |
| 905 | @b264897@dG883@eY208@f1 | |
| 运动处方DIY.减肥/杨静宜, 徐峻华编著.-北京:北京体育大学出版社,2004.07 |
| 102页, [2] 页图版:图;20cm+光盘1片.-(家庭健身指导丛书) |
| ISBN 7-81100-149-7:CNY22.00 (含光盘) |
| 本书以彩色文图形式,介绍肥胖基本知识、肥胖类型的划分、产生原因,科学减肥知识与身体测试,并提供了运动处方。 |
| ● |
| 相关链接 |
|
|
|
正题名:运动处方DIY
索取号:G883/Y208
 
预约/预借
| 序号 | 登录号 | 条形码 | 馆藏地/架位号 | 状态 | 备注 |
| 1 | 264897 | 202648974 | 社科库409/409社科库 27排1列5层/ [索取号:G883/Y208] | 在馆 |